Statistics for All the Books of the Bible (in order)

Click here to take the quiz!

General Stats

  • This quiz has been taken 11,897 times
    (11,896 since last reset)
  • The average score is 38 of 66

Answer Stats

Order in the BibleBook% Correct
1.Genesis
98%
2.Exodus
94%
3.Leviticus
89%
4.Numbers
87%
43.John
84%
42.Luke
82%
41.Mark
81%
40.Matthew
81%
19.Psalms
81%
5.Deuteronomy
80%
8.Ruth
79%
18.Job
73%
6.Joshua
73%
11.1 Kings
72%
12.2 Kings
71%
7.Judges
71%
66.Revelation
71%
20.Proverbs
70%
9.1 Samuel
67%
10.2 Samuel
67%
44.Acts
67%
17.Esther
66%
45.Romans
66%
13.1 Chronicles
61%
14.2 Chronicles
61%
46.1 Corinthians
59%
62.1 John
58%
47.2 Corinthians
58%
63.2 John
58%
15.Ezra
57%
23.Isaiah
56%
64.3 John
54%
27.Daniel
54%
24.Jeremiah
54%
16.Nehemiah
54%
49.Ephesians
51%
21.Ecclesiastes
50%
65Jude
50%
26.Ezekiel
49%
601 Peter
48%
61.2 Peter
48%
48.Galatians
48%
39.Malachi
48%
32.Jonah
47%
59.James
46%
25.Lamentations
45%
54.1 Timothy
44%
55.2 Timothy
44%
58.Hebrews
44%
33.Micah
44%
30Amos
43%
28.Hosea
42%
31.Obadiah
42%
50.Philippians
42%
51.Colossians
41%
22.Song of Songs
41%
29.Joel
40%
52.1 Thessalonians
39%
56.Titus
39%
53.2 Thessalonians
38%
35.Habakkuk
37%
34.Nahum
37%
38.Zechariah
36%
36.Zephaniah
36%
37.Haggai
35%
57.Philemon
35%

Score Distribution

Percentile by Number Answered

Percent of People with Each Score

Your Score History

You have not taken this quiz since the last reset